| 000 | 00804nam a22002177a 4500 | ||
|---|---|---|---|
| 999 |
_c2868 _d2868 |
||
| 003 | AR-CdUCM | ||
| 008 | 190305b ||||| |||| 00| 0 spa d | ||
| 040 |
_aMUNICIPALIDAD PROVINCIAL DEL CUSCO _cBIBLIOTECA MUNICIPAL DEL CUSCO |
||
| 082 |
_a301.43 / _bY38 |
||
| 100 |
_aYauri Montero, Marcos _96038 |
||
| 245 | _aLa Rebelión de la Juventud / | ||
| 260 |
_aLima : _bEwagsa ; _c1970. |
||
| 300 |
_a182 páginas ; _c17cm |
||
| 505 | _aContenido: La rebelión de la juventud -- El futuro del Vanguardismo -- El espíritu norteamericano actual a través de la moderna poesía norteamericana -- La literatura de la angustia -- Otros ensayos. | ||
| 650 |
_aVanguardismo _99923 |
||
| 650 |
_aRebelión _93924 |
||
| 650 |
_aLiteratura _983 |
||
| 650 |
_aPoesía _9139 |
||
| 942 |
_2ddc _cLIBROS |
||
| 945 | _anom | ||